01413nam a22001937a 450000500170000000800410001702000180005804000070007604100120008308200180009510000200011324500770013325000060021026000380021630000300025436500590028452008610034365000150120420250916161505.0220308b ||||| |||| 00| 0 eng d a9781118585603 cAL aEnglish 223a100bKOWC aDean A Kowalski aClassic questions and contemporary filmb: an introduction to philosophy a2 aUKbJohn wiley and Sons Incc2016 axii,329 p.bPBc24x18 cm. aVBI-1348b₹3042.97c₹d₹4057.30e25%f21-02-2022 aFeaturing significant revisions and updates, Classic Questions and Contemporary Film: An Introduction to Philosophy, 2nd Edition uses popular movies as a highly accessible framework for introducing key philosophical concepts Explores 28 films with 18 new to this edition, including Eternal Sunshine of the Spotless Mind, Hotel Rwanda, V for Vendetta, and Memento Discusses numerous philosophical issues not covered in the first edition, including a new chapter covering issues of personal identity, the meaningfulness of life and death, and existentialism Offers a rich pedagogical framework comprised of key classic readings, chapter learning outcomes, jargon-free argument analysis, critical thinking and trivia questions, a glossary of terms, and textboxes with notes on the movies discussed Revised to be even more accessible to beginning philosophers aPhilosophy